| 000 | 00712nam a2200181 a 4500 | ||
|---|---|---|---|
| 001 | BRCA_2902 | ||
| 005 | 20190320204024.0 | ||
| 008 | 111208s1850----mexa---###---#000-0#spa-# | ||
| 050 | 4 |
_aHJ803 _b.P39 1850 |
|
| 100 | 1 |
_aPayno Flores, Manuel _98079 |
|
| 245 | 1 | 0 |
_aExposición que el Ministerio de Hacienda dirige a las Camaras, al darles cuenta de los recursos con que ha contado el gobierno desde el dia 3 al 25 de julio de 1850 y de las medidas que ha dictado en diversos ramos de los que forman el erario _cManuel Payno. |
| 260 |
_aMéxico _bLa Voz de la Religion _c1850 |
||
| 300 |
_a15 p. _bil. _c23 cm. |
||
| 500 | _aB00037 | ||
| 650 | 1 | 4 |
_aFinanzas públicas _zMéxico _98080 |
| 902 | _aGFM | ||
| 942 |
_2lcc _cB |
||
| 999 |
_c2641 _d2641 |
||